000 00780nam a2200241Ia 4500
003 OSt
005 20240517134722.0
008 210716s2001 xx 000 0 und d
020 _a817473001X
040 _cAIMIT LIBRARY
041 _aeng
082 _a374.22
_21
_bNAPR
100 _aNapier, Radney W.
_9165850
245 _aGroups :
_btheory and experience /
_cBy Rodney W Napier and Matti K Gerdhenfeld.
250 _a5th ed.
260 _aNew Delhi :
_bA.I.T.B.S. Publishers & Distributors ,
_c2001.
300 _axviii,619p. ;
_bPB
_c21.5 cm
650 _aPerception and communication
_9165851
650 _aMembership
_9165852
650 _anorms group pressures and deviancy
_9165853
700 _aGershenfeld, Matti K.
_9165854
942 _2ddc
_cBK
_e5th
_k374.22 NAPR
999 _c198008
_d198008